| 000 | 00386nam a2200157Ia 4500 | ||
|---|---|---|---|
| 008 | 210210b2005 xxu||||| |||| 00| 0 eng d | ||
| 020 | _a0 07 047341 2 | ||
| 082 | _a332.042 APTI | ||
| 100 | _aAPTE (Prakash G). | ||
| 245 | _aInternational financial management. Ed.3. | ||
| 250 | _a | ||
| 260 |
_a _bNot Mentioned _c2005 |
||
| 300 | _axvi,636 | ||
| 690 | _aBanking | ||
| 906 | _a061095 | ||
| 999 |
_c107791 _d107791 |
||